Underrated Premier League Squads - Statistics

General Stats
  • This quiz has been taken 31 times
  • The average score is 63 of 96
Answer Stats
Leicester 15/16 % Correct
ST 🏴󠁧󠁢󠁥󠁮󠁧󠁿 Jamie Vardy
97%
GK 🇩🇰 Kasper Schmeichel
97%
CM 🇫🇷 N'Golo Kanté
97%
RM 🇩🇿 Riyad Mahrez
97%
CB 🇩🇪 Robert Huth
93%
GK 🇺🇸 Tim Howard
93%
🇮🇹 Claudio Ranieri
86%
CM 🏴󠁧󠁢󠁥󠁮󠁧󠁿 Danny Drinkwater
86%
GK 🏴󠁧󠁢󠁥󠁮󠁧󠁿 Fraser Forster
86%
RB 🏴󠁧󠁢󠁥󠁮󠁧󠁿 Kieran Trippier
86%
LB 🏴󠁧󠁢󠁥󠁮󠁧󠁿 Leighton Baines
86%
GK 🏴󠁧󠁢󠁥󠁮󠁧󠁿 Nick Pope
86%
GK 🏴󠁧󠁢󠁥󠁮󠁧󠁿 Nick Pope
86%
ST 🇲🇽 Raúl Jiménez
86%
CB 🇯🇲 Wes Morgan
86%
LW 🇫🇷 Allan Saint-Maximin
83%
LB 🇦🇹 Christian Fuchs
83%
CB 🇨🇭 Fabian Schar
83%
LM 🏴󠁧󠁢󠁥󠁮󠁧󠁿 Marc Albrighton
83%
RW 🇵🇾 Miguel Almiron
83%
GK 🇵🇹 Rui Patrício
83%
RB 🇮🇪 Séamus Coleman
83%
ST 🇯🇵 Shinji Okazaki
83%
CM 🇧🇷 Bruno Guimarães
79%
RB 🏴󠁧󠁢󠁥󠁮󠁧󠁿 Danny Simpson
79%
ST 🇧🇪 Romelu Lukaku
79%
CB 🇳🇱 Sven Botman
79%
RM 🇷🇸 Dušan Tadić
76%
CM 🇵🇹 João Moutinho
76%
CM 🇧🇷 Joelinton
76%
🇵🇹 Nuno espírito santo
76%
CM 🇵🇹 Rúben Neves
76%
ST 🇮🇪 Shane Long
76%
CM 🇨🇿 Tomáš Souček
76%
RW 🇪🇸 Adama Traoré
72%
RB 🇵🇹 Cédric Soares
72%
LB 🏴󠁧󠁢󠁥󠁮󠁧󠁿 Dan Burn
72%
LM 🇧🇪 Kevin Mirallas
72%
CB 🇫🇷 Kurt Zouma
72%
CB 🇧🇪 Leander Dendoncker
72%
ST 🇯🇲 Michail Antonio
72%
DM 🇪🇸 Oriol Romeu
72%
🇧🇪 Roberto Martínez
72%
RB 🇨🇿 Vladimír Coufal
72%
GK 🇫🇷 Alphonse Areola
69%
ST 🏴󠁧󠁢󠁥󠁮󠁧󠁿 Callum Wilson
69%
ST 🇳🇿 Chris Wood
69%
🏴󠁧󠁢󠁥󠁮󠁧󠁿 Eddie Howe
69%
AM 🇧🇷 Lucas Paquetá
69%
RM 🇮🇪 Matt Doherty
69%
CB 🇯🇵 Maya Yoshida
69%
CB 🏴󠁧󠁢󠁥󠁮󠁧󠁿 Phil Jagielka
69%
LB 🇨🇮 Stephen Ward
69%
CB 🇳🇱 Virgil van Dijk
69%
🏴󠁧󠁢󠁳󠁣󠁴󠁿 David Moyes
66%
CM 🏴󠁧󠁢󠁥󠁮󠁧󠁿 Declan Rice
66%
LB 🇮🇹 Emerson Palmieri
66%
AM 🇮🇸 Gylfi Sigurðsson
66%
CM 🏴󠁧󠁢󠁥󠁮󠁧󠁿 James Ward-Prowse
66%
CB 🏴󠁧󠁢󠁥󠁮󠁧󠁿 Conor Coady
62%
LM 🇪🇸 Jonny
62%
GK 🇵🇱 Łukasz Fabiański
62%
🇳🇱 Ronald Koeman
62%
🏴󠁧󠁢󠁥󠁮󠁧󠁿 Sean Dyche
62%
LW 🇵🇹 Diogo Jota
59%
RM 🏴󠁧󠁢󠁥󠁮󠁧󠁿 Jarrod Bowen
59%
CB 🇲🇦 Nayaf Aguerd
59%
CB 🇲🇦 Romain Saïss
59%
DM 🏴󠁧󠁢󠁥󠁮󠁧󠁿 Gareth Barry
55%
CB 🏴󠁧󠁢󠁥󠁮󠁧󠁿 James Tarkowski
55%
CM 🏴󠁧󠁢󠁥󠁮󠁧󠁿 Joe Willock
55%
CM 🇩🇰 Pierre-Emile Højbjerg
55%
LM 🇩🇿 Saïd Benrahma
55%
CM 🇮🇪 James McCarthy
52%
CM 🏴󠁧󠁢󠁥󠁮󠁧󠁿 Ross Barkley
52%
LB 🏴󠁧󠁢󠁥󠁮󠁧󠁿 Ryan Bertrand
52%
CB 🇫🇷 Sylvain Distin
52%
ST 🇨🇮 Wilfried Bony
52%
CB 🏴󠁧󠁢󠁥󠁮󠁧󠁿 Ben Mee
48%
CB 🇦🇷 Federico Fernández
48%
LM 🇮🇸 Jóhann Berg Guðmundsson
48%
LM 🏴󠁧󠁢󠁥󠁮󠁧󠁿 Nathan Redmond
48%
CB 🏴󠁧󠁢󠁷󠁬󠁳󠁿 Ashley Williams
41%
CM 🏴󠁧󠁢󠁥󠁮󠁧󠁿 Jack Cork
38%
RM 🏴󠁧󠁢󠁥󠁮󠁧󠁿 Leon Osman
38%
RB 🏴󠁧󠁢󠁥󠁮󠁧󠁿 Matthew Lowton
38%
CM 🇧🇪 Steven Defour
38%
RB 🇪🇸 Àngel Rangel
34%
LB 🏴󠁧󠁢󠁷󠁬󠁳󠁿 Neil Taylor
31%
RM 🏴󠁧󠁢󠁥󠁮󠁧󠁿 Aaron Lennon
28%
CM 🏴󠁧󠁢󠁥󠁮󠁧󠁿 Jonjo Shelvey
28%
🇩🇰 Michael Laudrup
28%
CM 🇨🇮 Jeff Hendrick
24%
DM 🇰🇷 Ki Sung-yueng
24%
CM 🏴󠁧󠁢󠁥󠁮󠁧󠁿 Nathan Dyer
24%
ST 🏴󠁧󠁢󠁥󠁮󠁧󠁿 Wayne Routledge
24%
No matching quizzes found
Score Distribution
Percent of People with Each Score
Percentile by Number Answered
Your Score History
You have not taken this quiz